Research for effective social work practice
This is the fifth and final text in McGraw-Hill's new series NEW DIRECTIONS IN SOCIAL WORK. The text covers the basics of using and conducting social work research in a user-friendly, practical way, and provides many examples of social work research drawn from the literature as well as the auth...
Bewaard in:
| Hoofdauteur: | |
|---|---|
| Formaat: | Boek |
| Taal: | Undetermined |
| Gepubliceerd in: |
Boston, Mass.
McGraw-Hill
2007
|
| Onderwerpen: | |
| Tags: |
Voeg label toe
Geen labels, Wees de eerste die dit record labelt!
|
| Thư viện lưu trữ: | Trung tâm Học liệu Trường Đại học Cần Thơ |
|---|
| LEADER | 01711nam a2200217Ia 4500 | ||
|---|---|---|---|
| 001 | CTU_140475 | ||
| 008 | 210402s9999 xx 000 0 und d | ||
| 020 | |c 119.38 | ||
| 082 | |a 361.32072 | ||
| 082 | |b K89 | ||
| 100 | |a Krysik, Judy | ||
| 245 | 0 | |a Research for effective social work practice | |
| 245 | 0 | |c Judy L. Krysik, Jerry Finn | |
| 260 | |a Boston, Mass. | ||
| 260 | |b McGraw-Hill | ||
| 260 | |c 2007 | ||
| 520 | |a This is the fifth and final text in McGraw-Hill's new series NEW DIRECTIONS IN SOCIAL WORK. The text covers the basics of using and conducting social work research in a user-friendly, practical way, and provides many examples of social work research drawn from the literature as well as the authors' many years as social work educators, researchers, and evaluation consultants. Research for Effective Social Work Practice addresses all the basic topics such as formulating research questions, sampling, research design, measurement, and analysis; unlike other texts in the field, however, this book logically links the chapters so that, based on the research question that the social worker selects, she or he will be able to (a) make a reasoned judgment about the best research methods to apply, (b) articulate the strengths and weaknesses of her or his choices, and (c) critique the research methods used in other studies. | ||
| 650 | |a Social service,Social service,Social workers,Dịch vụ xã hội,Dịch vụ xã hội,Lao động xã hội | ||
| 650 | |x Research,Methodology,Professional ethics,Nghiên cứu,Phương pháp luận,Đạo đức nghề nghiệp | ||
| 904 | |i Trọng Hải | ||
| 980 | |a Trung tâm Học liệu Trường Đại học Cần Thơ | ||